Teoría del Estado en España en el siglo XVII
Guardat en:
| Autor principal: | |
|---|---|
| Format: | Llibre |
| Idioma: | espanyol |
| Publicat: |
Madrid
Centro de Estudios Constitucionales
1997
|
| Edició: | 2a. ed |
| Col·lecció: | Colección Estudios Políticos
|
| Matèries: | |
| Etiquetes: |
Afegir etiqueta
Sense etiquetes, Sigues el primer a etiquetar aquest registre!
|
MARC
| LEADER | 00000nam a2200000 a 4500 | ||
|---|---|---|---|
| 001 | UCP1193 | ||
| 003 | CL-VaPUC | ||
| 008 | 990401e19970000SP |||||||||||||||||spa|d | ||
| 082 | 0 | 4 | |a 320.11 |b MAR |2 21 |
| 100 | |a Maravall, José Antonio |e autor |9 527688 | ||
| 245 | 1 | 0 | |a Teoría del Estado en España en el siglo XVII |
| 250 | |a 2a. ed | ||
| 300 | |a 423 p | ||
| 942 | |c BK | ||
| 945 | |d 19990401 00:00:00 |a rbrito | ||
| 260 | |a Madrid |b Centro de Estudios Constitucionales |c 1997 | ||
| 650 | 0 | |a Poderes del estado |9 377457 | |
| 650 | 7 | |a SOBERANIA DEL ESTADO |2 CL-VaPUC |9 377456 | |
| 650 | 0 | |a Formas de gobierno |9 255257 | |
| 650 | 7 | |a DERECHO ESPAÑOL SIGLO 17 |2 CL-VaPUC |9 424506 | |
| 651 | 0 | |a España |9 254926 | |
| 583 | |a last modification |c 20160810 05:43:56 |k Rodrigo Vera | ||
| 490 | 0 | |a Colección Estudios Políticos | |
| 999 | |c 279900 |d 279898 | ||
| 952 | |0 0 |1 0 |4 0 |6 320_110000000000000_MAR_1997 |7 0 |8 DER_HIS |9 319800 |a BIBDER |b BIBDER |d 2019-11-20 |i 3507394 |o 320.11 MAR 1997 |p 3507394 |r 2023-01-25 |w 2019-11-20 |x Ubicación 4to Piso |y BK |z Estos recursos deben solicitarse con anticipación |k DER | ||
| 952 | |0 0 |1 0 |4 0 |6 320_110000000000000_MAR_1997 |7 0 |8 A |9 319801 |a BIBDER |b BIBDER |d 2019-11-20 |i 3672794 |o 320.11 MAR 1997 |p 3672794 |r 2023-01-25 |w 2019-11-20 |y BK |k DER | ||